Fr. Conceicao Rodrigues College of Engineering

Introduction to VLSI circuits and systems (Record no. 34518)

MARC details
000 -LEADER
fixed length control field 00311nam a2200145Ia 4500
082 ## - DEWEY DECIMAL CLASSIFICATION NUMBER
Classification number 621.395
Item number UYE
100 ## - MAIN ENTRY--PERSONAL NAME
Personal name Uyemura/John P
245 ## - TITLE STATEMENT
Title Introduction to VLSI circuits and systems
260 ## - PUBLICATION, DISTRIBUTION, ETC.
Name of publisher, distributor, etc. John Wiley
Date of publication, distribution, etc. 2002
366 ## - TRADE AVAILABILITY INFORMATION
Publishers's discount category 15
300 ## - PHYSICAL DESCRIPTION
Extent 642
546 ## - LANGUAGE NOTE
Language note ENGLISH
654 ## - SUBJECT ADDED ENTRY--FACETED TOPICAL TERMS
Focus term vlsi
942 ## - ADDED ENTRY ELEMENTS (KOHA)
Koha item type BOOK
Holdings
Withdrawn status Lost status Damaged status Not for loan Collection Home library Current library Date acquired Source of acquisition Cost, normal purchase price Inventory number Total Checkouts Full call number Barcode Date last seen Cost, replacement price Price effective from Koha item type Date due Date last checked out
        CRC Fr. Agnel's C.Rodrigues College of Engineering Fr. Agnel's C.Rodrigues College of Engineering 17/03/2023 Unique Book Distributors 332.35 609 dt 13/09/2004   621.395 UYE 15194 17/03/2023 391.00 13/09/2004 BOOK    
        CRC Fr. Agnel's C.Rodrigues College of Engineering Fr. Agnel's C.Rodrigues- College of Engineering 17/03/2023 Unique Book Distributors 332.52 609 dt 13/09/2004 1 621.395 UYE 15195 05/06/2023 391.20 13/09/2004 BOOK 18/05/2011 05/06/2023